[Event "EU-chT Seniors 65"]
[Site "Walbrzych"]
[Date "2018.04.19"]
[Round "6.2"]
[White "Patola, Eero"]
[Black "Gromark, Per Olof"]
[Result "0-1"]
[WhiteElo "1823"]
[BlackElo "1901"]
[PlyCount "68"]
[EventDate "2018.04.14"]
[EventType "team-swiss"]
[EventRounds "9"]
[EventCountry "POL"]
[SourceTitle "CBM 184 Extra"]
[Source "ChessBase"]
[SourceDate "2018.06.28"]
[SourceVersion "1"]
[SourceVersionDate "2018.06.28"]
[SourceQuality "1"]
[WhiteTeam "Finland Karhut 65"]
[BlackTeam "Sweden 65 III"]
[WhiteTeamCountry "FIN"]
[BlackTeamCountry "SWE"]

1. e4 c5 2. c4 Nc6 3. Nc3 g6 4. g3 Bg7 5. Bg2 a6 6. Nge2 Rb8 7. d3 b5 8. 0-0 e6 9. f4 d6 10. e5 Nd4 11. cxb5 axb5 12. Nxd4 cxd4 13. Nxb5 Rxb5 14. Bc6+ Bd7 15. Bxb5 Bxb5 16. Qb3 Bc6 17. Qc4 Bd5 18. Qxd4 Ne7 19. Be3 dxe5 20. fxe5 0-0 21. Bg5 Qd7 22. Bf6 Nf5 23. Qf2 Bh6 24. Rfe1 Bb7 25. g4 Qd5 26. Kf1 Qxd3+ 27. Re2 Qh3+ 28. Ke1 Qxg4 29. Rd1 Qb4+ 30. Rdd2 Rc8 31. Kd1 Bxd2 32. Rxd2 Qg4+ 33. Re2 Nd4 34. h3 Qxe2+ 0-1

[Event "Wch Seniors 65 26th"]
[Site "Marianske Lazne"]
[Date "2016.11.30"]
[Round "11"]
[White "Golcman, Evgeny"]
[Black "Gromark, Per Olof"]
[Result "1-0"]
[WhiteElo "2164"]
[BlackElo "2015"]
[PlyCount "63"]
[EventDate "2016.11.19"]
[EventType "swiss"]
[EventRounds "11"]
[EventCountry "CZE"]
[SourceTitle "EXT 2018"]
[Source "ChessBase"]
[SourceDate "2017.10.13"]
[SourceVersion "1"]
[SourceVersionDate "2017.10.13"]
[SourceQuality "1"]

1. c4 e6 2. Nc3 d5 3. d4 Nf6 4. Nf3 Nbd7 5. g3 dxc4 6. Qa4 a6 7. Qxc4 b5 8. Qd3 Bb7 9. Bg2 Be7 10. 0-0 0-0 11. Bf4 c5 12. Rac1 Qb6 13. a3 Rfd8 14. dxc5 Bxc5 15. Qb1 h6 16. b4 Bxf2+ 17. Rxf2 Ng4 18. Rcf1 Ndf6 19. Ne5 Bxg2 20. Kxg2 Nxe5 21. Bxe5 Ng4 22. Bxg7 Nxf2 23. Bf6 Ng4 24. Bxd8 Rxd8 25. Kh3 Ne3 26. Rf3 Qd4 27. Qe4 Nc4 28. Rd3 Qf6 29. Qg4+ Kh8 30. Qf4 Qe7 31. Qxh6+ Kg8 32. Ne4 1-0

[Event "Wch Seniors 65 26th"]
[Site "Marianske Lazne"]
[Date "2016.11.23"]
[Round "5"]
[White "Sobolevsky, Leonid"]
[Black "Gromark, Per Olof"]
[Result "1-0"]
[WhiteElo "2207"]
[BlackElo "2015"]
[PlyCount "105"]
[EventDate "2016.11.19"]
[EventType "swiss"]
[EventRounds "11"]
[EventCountry "CZE"]
[SourceTitle "CBM 175 Extra"]
[Source "ChessBase"]
[SourceDate "2016.12.12"]
[SourceVersion "1"]
[SourceVersionDate "2016.12.12"]
[SourceQuality "1"]

1. e4 c5 2. Nf3 e6 3. d4 cxd4 4. Nxd4 Nc6 5. Nc3 Qc7 6. Be3 a6 7. Bd3 Nf6 8. a3 Nxd4 9. Bxd4 Bc5 10. Be2 d6 11. Qd3 Bxd4 12. Qxd4 e5 13. Qc4 Qxc4 14. Bxc4 Be6 15. Bxe6 fxe6 16. 0-0-0 Ke7 17. f3 Rac8 18. Rd3 b5 19. Rhd1 Rc6 20. Na2 a5 21. Rb3 Rb8 22. Rdd3 Nd7 23. Rbc3 Rbc8 24. Rxc6 Rxc6 25. Rc3 Nb8 26. Rb3 Rb6 27. c4 Rc6 28. Rxb5 Rxc4+ 29. Nc3 Nc6 30. Rb7+ Kf6 31. Rd7 Nd4 32. Rxd6 Ke7 33. Ra6 Nb3+ 34. Kc2 Nd4+ 35. Kd3 Rc5 36. Ra7+ Kf6 37. Rb7 Rc6 38. Ne2 Nxe2 39. Kxe2 Rc2+ 40. Kf1 a4 41. h4 h5 42. Kg1 g5 43. hxg5+ Kxg5 44. Kh2 Kh4 45. Rb4 Rd2 46. Rxa4 Rxb2 47. Ra8 Kg5 48. a4 Ra2 49. a5 Kf4 50. a6 h4 51. a7 Ke3 52. Kh3 Kf2 53. Kxh4 1-0

[Event "Wch Seniors 65 26th"]
[Site "Marianske Lazne"]
[Date "2016.11.22"]
[Round "4"]
[White "Gromark, Per Olof"]
[Black "Karlik, Vladimir"]
[Result "1/2-1/2"]
[WhiteElo "2015"]
[BlackElo "2217"]
[PlyCount "48"]
[EventDate "2016.11.19"]
[EventType "swiss"]
[EventRounds "11"]
[EventCountry "CZE"]
[SourceTitle "CBM 175 Extra"]
[Source "ChessBase"]
[SourceDate "2016.12.12"]
[SourceVersion "1"]
[SourceVersionDate "2016.12.12"]
[SourceQuality "1"]

1. Nf3 d6 2. d4 Nf6 3. c4 Bf5 4. Nc3 g6 5. Qb3 b6 6. g3 Nc6 7. Bg2 Na5 8. Qa4+ Bd7 9. Qc2 c5 10. b3 Bg7 11. Bb2 0-0 12. 0-0 a6 13. Qd2 cxd4 14. Nxd4 Rc8 15. Rac1 Nc6 16. Nxc6 Bxc6 17. Nd5 Nxd5 18. cxd5 Bxb2 19. Qxb2 Bd7 20. Qd4 Rxc1 21. Rxc1 Qb8 22. Be4 Rc8 23. Rxc8+ Bxc8 24. Qa4 Bb7 1/2-1/2

[Event "Wch Seniors 65 26th"]
[Site "Marianske Lazne"]
[Date "2016.11.19"]
[Round "1"]
[White "Zelenka, Pavel"]
[Black "Gromark, Per Olof"]
[Result "0-1"]
[WhiteElo "1563"]
[BlackElo "2015"]
[PlyCount "68"]
[EventDate "2016.11.19"]
[EventType "swiss"]
[EventRounds "11"]
[EventCountry "CZE"]
[SourceTitle "CBM 175 Extra"]
[Source "ChessBase"]
[SourceDate "2016.12.12"]
[SourceVersion "1"]
[SourceVersionDate "2016.12.12"]
[SourceQuality "1"]

1. d4 Nf6 2. c4 e6 3. Nc3 d5 4. Nf3 Nbd7 5. Bg5 h6 6. Bh4 Be7 7. e3 0-0 8. Bd3 b6 9. cxd5 exd5 10. 0-0 Bb7 11. Qc2 Re8 12. Nd2 Rc8 13. f3 c5 14. Qa4 a6 15. Rac1 b5 16. Qd1 Bd6 17. Bf2 Qc7 18. f4 Qa5 19. a3 cxd4 20. Nb3 Qb6 21. Nxd4 Ne4 22. Nxe4 dxe4 23. Be2 Rxc1 24. Qxc1 Rc8 25. Qd2 Nc5 26. Rd1 Be7 27. Nf5 Bf6 28. Qb4 Nd3 29. Bxd3 exd3 30. e4 Qc6 31. Ng3 Qc2 32. Qd2 Qxd2 33. Rxd2 Rc1+ 34. Nf1 Bxe4 0-1

[Event "WchT Seniors 50"]
[Site "Radebeul"]
[Date "2016.07.01"]
[Round "6.19"]
[White "Gromark, Per Olof"]
[Black "Serjmyadag, Damdin"]
[Result "1-0"]
[WhiteElo "2003"]
[BlackElo "1949"]
[PlyCount "73"]
[EventDate "2016.06.26"]
[EventType "team-swiss"]
[EventRounds "9"]
[EventCountry "GER"]
[SourceTitle "CBM 173 Extra"]
[Source "ChessBase"]
[SourceDate "2016.08.29"]
[SourceVersion "1"]
[SourceVersionDate "2016.08.29"]
[SourceQuality "1"]
[WhiteTeam "Sweden"]
[BlackTeam "Mongolia (Women)"]
[WhiteTeamCountry "SWE"]
[BlackTeamCountry "MGL"]

1. Nf3 Nf6 2. c4 g6 3. Nc3 Bg7 4. e4 d6 5. d4 Nbd7 6. Be2 0-0 7. 0-0 e5 8. d5 Ne8 9. Be3 h6 10. Nd2 Kh7 11. Qc2 Qe7 12. b4 Rg8 13. Nb3 b6 14. Na4 Nf8 15. c5 Bd7 16. Nc3 f5 17. exf5 gxf5 18. f3 Kh8 19. Rae1 Qf6 20. f4 Qg6 21. Rf3 exf4 22. Rxf4 Be5 23. Rf2 Qg7 24. Nb5 Bxh2+ 25. Kxh2 Qg3+ 26. Kg1 Qxe3 27. c6 Bc8 28. Kf1 Qg5 29. Bd3 Ba6 30. a4 Bxb5 31. axb5 f4 32. Nd2 Ng6 33. Nf3 Qf6 34. Re6 Qa1+ 35. Ne1 Ne5 36. Rxh6+ Kg7 37. Rh7+ 1-0

[Event "WchT Seniors 50"]
[Site "Radebeul"]
[Date "2016.06.29"]
[Round "4.3"]
[White "Kernazhitsky, Leonid"]
[Black "Gromark, Per Olof"]
[Result "1-0"]
[WhiteElo "2285"]
[BlackElo "2003"]
[PlyCount "69"]
[EventDate "2016.06.26"]
[EventType "team-swiss"]
[EventRounds "9"]
[EventCountry "GER"]
[SourceTitle "CBM 173 Extra"]
[Source "ChessBase"]
[SourceDate "2016.08.29"]
[SourceVersion "1"]
[SourceVersionDate "2016.08.29"]
[SourceQuality "1"]
[WhiteTeam "Obuchiw"]
[BlackTeam "Sweden"]
[WhiteTeamCountry "UKR"]
[BlackTeamCountry "SWE"]

1. e4 c5 2. Nf3 e6 3. d4 cxd4 4. Nxd4 Nc6 5. Nc3 Qc7 6. Be3 a6 7. f4 b5 8. Qf3 Bb7 9. Bd3 Nxd4 10. Bxd4 Nf6 11. g4 d5 12. e5 Nd7 13. 0-0-0 Nc5 14. Kb1 0-0-0 15. h4 Kb8 16. f5 Nxd3 17. cxd3 Bb4 18. Ne2 Rhf8 19. Qe3 Rc8 20. Rc1 Qd7 21. Rhf1 Rxc1+ 22. Qxc1 Rc8 23. Qe3 Rc7 24. a3 Bf8 25. Bb6 Rc8 26. Nd4 Bc6 27. fxe6 fxe6 28. Re1 Bb7 29. Rf1 Bc6 30. Nb3 Bb7 31. d4 b4 32. Bc5 Bxc5 33. Nxc5 Qb5 34. Rf7 Qe8 35. Rxb7+ 1-0

[Event "SWE-chT 1415 Elite"]
[Site "Sweden"]
[Date "2015.01.17"]
[Round "4"]
[White "Gromark, Per Olof"]
[Black "Lindgren, Philip"]
[Result "0-1"]
[WhiteElo "2054"]
[BlackElo "2332"]
[PlyCount "54"]
[EventDate "2014.11.21"]
[EventType "team-tourn"]
[EventRounds "9"]
[EventCountry "SWE"]
[SourceTitle "EXT 2016"]
[Source "ChessBase"]
[SourceDate "2015.10.08"]
[SourceVersion "1"]
[SourceVersionDate "2015.10.08"]
[SourceQuality "1"]
[WhiteTeam "Orgryte"]
[BlackTeam "Limhamn"]
[WhiteTeamCountry "SWE"]
[BlackTeamCountry "SWE"]

1. Nf3 d5 2. c4 c6 3. e3 Nf6 4. Nc3 e6 5. b3 Bd6 6. Bb2 e5 7. cxd5 cxd5 8. Nb5 Nc6 9. Nxd6+ Qxd6 10. Bb5 e4 11. Nd4 0-0 12. Nxc6 bxc6 13. Be2 a5 14. 0-0 Ba6 15. Bxa6 Rxa6 16. d3 Re8 17. Bxf6 Qxf6 18. d4 Re6 19. Qg4 Qd8 20. Rfc1 Rg6 21. Qf4 Ra8 22. Rc5 Rf6 23. Qg4 Rg6 24. Qf4 h6 25. Rac1 Qd7 26. h3 Qxh3 27. g3 Rg5 0-1

[Event "Wch Seniors 65 24th"]
[Site "Katerini"]
[Date "2014.11.02"]
[Round "9"]
[White "Pushkov, Nikolai"]
[Black "Gromark, Per Olof"]
[Result "1-0"]
[WhiteElo "2306"]
[BlackElo "2050"]
[PlyCount "41"]
[EventDate "2014.10.24"]
[EventType "swiss"]
[EventRounds "11"]
[EventCountry "GRE"]
[SourceTitle "EXT 2015"]
[Source "ChessBase"]
[SourceDate "2014.11.20"]
[SourceVersion "1"]
[SourceVersionDate "2014.11.20"]
[SourceQuality "1"]

1. Nf3 Nf6 2. c4 e6 3. Nc3 Bb4 4. Qc2 b6 5. g3 Bb7 6. Bg2 0-0 7. a3 Bxc3 8. Qxc3 d6 9. d4 Nbd7 10. 0-0 c5 11. b4 Qe7 12. Bb2 Rac8 13. dxc5 dxc5 14. b5 Rfd8 15. a4 Ne8 16. a5 Qf6 17. Qb3 Qe7 18. axb6 axb6 19. Ra7 Rb8 20. Ne5 Nxe5 21. Bxe5 1-0

[Event "Wch Seniors 65 24th"]
[Site "Katerini"]
[Date "2014.10.31"]
[Round "7"]
[White "Wahlbom, Magnus"]
[Black "Gromark, Per Olof"]
[Result "1/2-1/2"]
[WhiteElo "2283"]
[BlackElo "2050"]
[PlyCount "81"]
[EventDate "2014.10.24"]
[EventType "swiss"]
[EventRounds "11"]
[EventCountry "GRE"]
[SourceTitle "EXT 2015"]
[Source "ChessBase"]
[SourceDate "2014.11.20"]
[SourceVersion "1"]
[SourceVersionDate "2014.11.20"]
[SourceQuality "1"]

1. Nf3 Nf6 2. d4 e6 3. c4 d5 4. g3 Bb4+ 5. Bd2 Be7 6. Bg2 0-0 7. 0-0 c6 8. Qc2 Nbd7 9. Bf4 b6 10. Nbd2 Ba6 11. Rac1 Rc8 12. Rfd1 c5 13. Qa4 Bb7 14. Qxa7 Bc6 15. Qa3 Ra8 16. Qc3 Rxa2 17. Ne5 Bb7 18. Nxd7 Qxd7 19. Nf3 Qa4 20. Ne5 cxd4 21. Rxd4 Qa8 22. Bf3 Rc8 23. Qb3 Bc5 24. Rdd1 Ra7 25. Bg5 dxc4 26. Rxc4 Bxf3 27. Nxf3 Rd8 28. Bxf6 Rxd1+ 29. Qxd1 Ra1 30. Rc1 Rxc1 31. Qxc1 gxf6 32. Kg2 Qe4 33. Qd2 Kg7 34. Kg1 Qb1+ 35. Kg2 Qe4 36. Qd1 b5 37. e3 b4 38. b3 Be7 39. h3 Qc6 40. Qd3 f5 41. Qd4+ 1/2-1/2

[Event "EU-chT Seniors"]
[Site "Sibenik"]
[Date "2014.04.06"]
[Round "6.13"]
[White "Phillips, William"]
[Black "Gromark, Per Olof"]
[Result "0-1"]
[WhiteElo "1939"]
[BlackElo "2046"]
[PlyCount "130"]
[EventDate "2014.04.01"]
[EventType "team-swiss"]
[EventRounds "9"]
[EventCountry "CRO"]
[SourceTitle "CBM 159 Extra"]
[Source "ChessBase"]
[SourceDate "2014.04.24"]
[SourceVersion "1"]
[SourceVersionDate "2014.04.24"]
[SourceQuality "1"]
[WhiteTeam "England Seniors II"]
[BlackTeam "Sweden Seniors III"]
[WhiteTeamCountry "ENG"]
[BlackTeamCountry "SWE"]

1. e4 c5 2. Nf3 d6 3. Bb5+ Nd7 4. c4 Qa5 5. Nc3 a6 6. Ba4 Rb8 7. 0-0 b5 8. cxb5 axb5 9. Bc2 Ngf6 10. d3 e6 11. Bd2 Qb6 12. Ne2 Be7 13. d4 0-0 14. e5 Nd5 15. Bg5 c4 16. Ng3 Bxg5 17. Bxh7+ Kxh7 18. Nxg5+ Kg8 19. Qh5 N7f6 20. Qh4 Re8 21. exf6 Nxf6 22. Rad1 Bb7 23. Nh5 Qd8 24. Rfe1 Nxh5 25. Qxh5 Qf6 26. Re3 e5 27. Rh3 g6 28. Qh7+ Kf8 29. Qh8+ Ke7 30. Qxf6+ Kxf6 31. Nf3 Rbd8 32. Kf1 b4 33. Ne1 Ba6 34. Rf3+ Kg7 35. Re3 c3+ 36. Kg1 cxb2 37. Rb3 exd4 38. Rxb2 d3 39. f3 Re2 40. Rbd2 Rde8 41. Rxe2 Rxe2 42. Nxd3 Bxd3 43. Rxd3 Rxa2 44. Rb3 Ra4 45. Rd3 Ra6 46. Rb3 Rb6 47. Kf2 Kf6 48. Ke3 Ke5 49. h4 Kd5 50. Kd3 Kc5 51. g4 d5 52. Rb2 Rf6 53. Rf2 Rf4 54. Ke3 Rc4 55. Kd2 b3 56. Kd1 Rf4 57. Kc1 Kc4 58. Kb2 d4 59. Rf1 d3 60. h5 gxh5 61. gxh5 Rh4 62. Rc1+ Kd4 63. Kxb3 Rxh5 64. Rc4+ Ke3 65. Kc3 Rd5 0-1

[Event "EU-chT Seniors"]
[Site "Sibenik"]
[Date "2014.04.01"]
[Round "1.4"]
[White "Gromark, Per Olof"]
[Black "Osmanovic, Kemal"]
[Result "1/2-1/2"]
[WhiteElo "2046"]
[BlackElo "2292"]
[PlyCount "32"]
[EventDate "2014.04.01"]
[EventType "team-swiss"]
[EventRounds "9"]
[EventCountry "CRO"]
[SourceTitle "CBM 159 Extra"]
[Source "ChessBase"]
[SourceDate "2014.04.24"]
[SourceVersion "1"]
[SourceVersionDate "2014.04.24"]
[SourceQuality "1"]
[WhiteTeam "Sweden Seniors III"]
[BlackTeam "Bosnia CC Seniors"]
[WhiteTeamCountry "SWE"]
[BlackTeamCountry "BIH"]

1. Nf3 c5 2. b3 d5 3. e3 a6 4. g3 Nc6 5. Bg2 e5 6. 0-0 Be6 7. Bb2 f6 8. d4 e4 9. Nfd2 f5 10. dxc5 Nf6 11. Nc3 Bxc5 12. Ne2 0-0 13. a3 Ng4 14. b4 Ba7 15. Nb3 Rc8 16. Rc1 Nge5 1/2-1/2

[Event "Wch Seniors 23rd"]
[Site "Opatija"]
[Date "2013.11.23"]
[Round "11"]
[White "Gromark, Per Olof"]
[Black "Gruzmann, Boris"]
[Result "0-1"]
[WhiteElo "2102"]
[BlackElo "2249"]
[PlyCount "82"]
[EventDate "2013.11.12"]
[EventType "swiss"]
[EventRounds "11"]
[EventCountry "CRO"]
[SourceTitle "CBM 157 Extra"]
[Source "ChessBase"]
[SourceDate "2013.12.19"]
[SourceVersion "1"]
[SourceVersionDate "2013.12.19"]
[SourceQuality "1"]

1. d4 Nf6 2. Nf3 g6 3. Nc3 c5 4. dxc5 Na6 5. Qd4 Bg7 6. e4 0-0 7. e5 Ne8 8. Be3 Qa5 9. a3 d6 10. Bxa6 dxe5 11. Qh4 Qxa6 12. 0-0-0 f6 13. Rd8 Nc7 14. Rhd1 Bf5 15. R8d2 Rac8 16. Kb1 Be6 17. h3 Qc6 18. Qe4 Qa6 19. Qb4 h6 20. g4 Qc6 21. Nh4 Kh7 22. f4 exf4 23. Bf2 Na6 24. Qe4 Qxe4 25. Nxe4 f5 26. gxf5 gxf5 27. Nc3 Bxc3 28. bxc3 Nxc5 29. Bd4 Ne4 30. Rd3 Rg8 31. Rf1 Bc4 32. Nxf5 Bxd3 33. cxd3 Nxc3+ 34. Kb2 Rg2+ 35. Kb3 Nd5 36. Bxa7 Rc3+ 37. Ka4 Ra2 38. Bd4 Raxa3+ 39. Kb5 Rab3+ 40. Ka5 Rc8 41. Ka4 Rb4+ 0-1

[Event "Wch Seniors 23rd"]
[Site "Opatija"]
[Date "2013.11.20"]
[Round "8"]
[White "Blaeser, Romain"]
[Black "Gromark, Per Olof"]
[Result "1/2-1/2"]
[WhiteElo "1971"]
[BlackElo "2102"]
[PlyCount "60"]
[EventDate "2013.11.12"]
[EventType "swiss"]
[EventRounds "11"]
[EventCountry "CRO"]
[SourceTitle "CBM 157 Extra"]
[Source "ChessBase"]
[SourceDate "2013.12.19"]
[SourceVersion "1"]
[SourceVersionDate "2013.12.19"]
[SourceQuality "1"]

1. d4 Nf6 2. Nf3 g6 3. Nc3 d5 4. Bf4 Bg7 5. e3 0-0 6. Be2 c5 7. Ne5 cxd4 8. exd4 Nc6 9. 0-0 Qb6 10. Nxc6 bxc6 11. Na4 Qa5 12. c3 Nd7 13. b4 Qd8 14. Re1 e5 15. dxe5 Nxe5 16. Qd2 Bf5 17. Rad1 a5 18. b5 Qh4 19. bxc6 Rac8 20. Nb6 Rxc6 21. Nxd5 Nc4 22. Bxc4 Rxc4 23. Bg5 Qg4 24. h3 Qh5 25. Nf6+ Bxf6 26. Bxf6 Bxh3 27. gxh3 Qxh3 28. Bd4 Qg4+ 29. Kf1 Qh3+ 30. Kg1 Qg4+ 1/2-1/2

[Event "Nordic-ch Seniors"]
[Site "Bornholm"]
[Date "2013.09.16"]
[Round "9"]
[White "Gromark, Per Olof"]
[Black "Bjorgvik, Jan Arne"]
[Result "1/2-1/2"]
[WhiteElo "2118"]
[BlackElo "1840"]
[PlyCount "111"]
[EventDate "2013.09.07"]
[EventType "swiss"]
[EventRounds "9"]
[EventCountry "DEN"]
[SourceTitle "CBM 156 Extra"]
[Source "ChessBase"]
[SourceDate "2013.10.22"]
[SourceVersion "1"]
[SourceVersionDate "2013.10.22"]
[SourceQuality "1"]

1. Nf3 d5 2. c4 e6 3. g3 Nf6 4. Bg2 Be7 5. 0-0 0-0 6. b3 c6 7. Bb2 Nbd7 8. Qc2 Qc7 9. d4 h6 10. Nbd2 b6 11. e4 dxe4 12. Nxe4 Nxe4 13. Qxe4 Bb7 14. Ne5 Nxe5 15. dxe5 Rab8 16. Qg4 c5 17. Bxb7 Qxb7 18. Rad1 Rfd8 19. f4 Qe4 20. Rde1 Qc2 21. Rf2 Rd2 22. Rxd2 Qxd2 23. Re2 Qd1+ 24. Kf2 Rd8 25. f5 exf5 26. Qxf5 Rd2 27. Qe4 Rxe2+ 28. Qxe2 Qh1 29. h4 Qh2+ 30. Kf3 Qxe2+ 31. Kxe2 Kf8 32. Kd3 Ke8 33. Ke4 Kd7 34. Kd5 g6 35. Bc1 Bf8 36. Bd2 h5 37. a3 a5 38. Bg5 Bg7 39. Be3 Bf8 40. Bd2 Be7 41. Bh6 Bd8 42. Bg5 Bc7 43. Bf6 Bb8 44. Bg5 Bc7 45. Bd2 Bd8 46. b4 axb4 47. axb4 cxb4 48. Bxb4 g5 49. hxg5 Bxg5 50. Bd6 Be3 51. Ke4 Bf2 52. Kf3 Be1 53. Kf4 Ke6 54. Bc7 Bf2 55. Kf3 Bd4 56. Ke4 1/2-1/2

[Event "Nordic-ch Seniors"]
[Site "Bornholm"]
[Date "2013.09.12"]
[Round "6"]
[White "Thjomoe, Hans Richard"]
[Black "Gromark, Per Olof"]
[Result "0-1"]
[WhiteElo "1862"]
[BlackElo "2118"]
[PlyCount "102"]
[EventDate "2013.09.07"]
[EventType "swiss"]
[EventRounds "9"]
[EventCountry "DEN"]
[SourceTitle "CBM 156 Extra"]
[Source "ChessBase"]
[SourceDate "2013.10.22"]
[SourceVersion "1"]
[SourceVersionDate "2013.10.22"]
[SourceQuality "1"]

1. e4 c5 2. Nc3 a6 3. a4 b6 4. Nf3 Bb7 5. Bc4 e6 6. d3 d5 7. Bb3 Nf6 8. exd5 exd5 9. Bg5 Be7 10. 0-0 0-0 11. Re1 d4 12. Bxf6 Bxf6 13. Ne4 Be7 14. Qd2 Nd7 15. c3 dxc3 16. bxc3 h6 17. d4 Nf6 18. Bc2 Qc7 19. Rac1 Rad8 20. h3 Nxe4 21. Bxe4 Bf6 22. Bxb7 Qxb7 23. Qf4 Qc6 24. dxc5 Qxc5 25. Qb4 Rc8 26. Qxc5 Rxc5 27. c4 Rfc8 28. Rb1 Rxc4 29. Rxb6 Rxa4 30. Reb1 Rc2 31. Rd6 Raa2 32. Rf1 Be7 33. Rd5 Bf6 34. h4 a5 35. g4 Rc3 36. Kg2 g6 37. g5 hxg5 38. hxg5 Be7 39. Rb5 Rcc2 40. Nh2 Kg7 41. Ng4 a4 42. Re1 Bc5 43. Rf1 Rab2 44. Rxb2 Rxb2 45. Rc1 Be7 46. Rc7 Bxg5 47. Ne5 Be3 48. Rxf7+ Kg8 49. Rf3 Rxf2+ 50. Rxf2 Bxf2 51. Nd3 Bd4 0-1

[Event "Nordic-ch Seniors"]
[Site "Bornholm"]
[Date "2013.09.10"]
[Round "4"]
[White "Westerinen, Heikki MJ"]
[Black "Gromark, Per Olof"]
[Result "1-0"]
[WhiteElo "2281"]
[BlackElo "2118"]
[PlyCount "37"]
[EventDate "2013.09.07"]
[EventType "swiss"]
[EventRounds "9"]
[EventCountry "DEN"]
[SourceTitle "CBM 156 Extra"]
[Source "ChessBase"]
[SourceDate "2013.10.22"]
[SourceVersion "1"]
[SourceVersionDate "2013.10.22"]
[SourceQuality "1"]

1. e4 e5 2. Nf3 Nf6 3. Nxe5 d6 4. Nf3 Nxe4 5. d4 d5 6. Bd3 Nc6 7. 0-0 Be7 8. c4 Nb4 9. Be2 c6 10. Nc3 Bf5 11. a3 Na6 12. cxd5 Nxc3 13. bxc3 Qxd5 14. Re1 Nc7 15. Ne5 0-0 16. Bc4 Qd8 17. Qb3 Nd5 18. Qxb7 Qd6 19. Nxc6 1-0